000 00789cab a2200241 4500
001 WB3423-43
008 090401t1998 xxu||||| |||| 00| 0 eng d
035 _a(Sirsi) u86836
041 _aeng
245 _aConflict of interests warning
260 _c1998
350 _a0
490 _aProperty Week
_v63(9) 12 June 1998, 5(1)
520 _aThe Chief Executive of Hermes Asset Management warns of a conflict of interests between fund management activities and agency work undertaken by chartered surveying firms.
650 _aAGENCY
650 _aABOUT RICS-RICS MEMBERS
650 _aCONFLICTS OF INTEREST
650 _aFUND MANAGEMENT
650 _aSURVEYING FIRMS
690 _aMANAGEMENT-BUSINESS MANAGEMENT-PROFESSIONAL PRACTICE
942 _n0
948 _c16/06/1998
999 _c54680
_d54680